Guide to Cairo Int'l Fair : The Thirty Five Session

Bibliographic Details
Format: Book

MARC

LEADER 00000cam a2200000 7i4500
001 0000013249
005 20050613.0
040 |a INS 
090 0 0 |a T487.   |b C1368 
245 1 0 |a Guide to Cairo Int'l Fair :   |b The Thirty Five Session 
300 |a 17 :   |b 379p ;   |c 24cm. 
999 |a 0000009447   |b BOOK   |c Open Shelf   |e Default branch